| 000 | 01827nam a2200313Ia 4500 | ||
|---|---|---|---|
| 005 | 20220317001052.0 | ||
| 008 | 160825s2003 sp g 000 0 spa | ||
| 020 | _a8433906348 | ||
| 100 | 1 |
_aAuster, Paul _d1947- |
|
| 245 | 1 | 0 |
_aLeviatán _cPaul Auster ; traducción Maribel de Juan |
| 250 | _a9a. edición | ||
| 300 |
_a269 páginas _c18 cm |
||
| 490 | _aPanorama de narrativas | ||
| 500 | _aIncluye datos biográficos | ||
| 520 | _aTodo comienza con un muerto anónimo: en una carretera de Wisconsin, un día de 1990, a un hombre le estalla una bomba en la mano y vuela en mil pedazos. Pero alguien sabe quién era, y con el FBI pisándole los talones, Peter Aaron decide contar su historia , dar su versión de los hechos y del personaje, antes de que la historia y las mitologías oficiales establezcan para siempres sus falsedades -o verdades a medias- como la verdad. Y así, Peter Aaron escribirá Leviatán, la biografía de Benjamin Sachs, el muerto, también escritor y objetor de conciencia encarcelado durante la guerra de Vietnam, desaparecido desde 1986, autor de una novela de juventud que le convirtió fugazmente en un escritor de culto, acaso un asesino, y angustiado agonista de un dilema contemporáneo: ¿Literatura o compromiso político?, '¿realidad o ficción? | ||
| 534 | _tLeviathan | ||
| 650 | 1 | 4 |
_2LEMB _aNovela estadounidense _ySiglo XX |
| 650 | 1 | 4 |
_2LEMB _aLiteratura estadounidense _ySiglo XX |
| 650 | 1 | 4 |
_2LEMB _aRiqueza en la literatura |
| 650 | 1 | 4 |
_2LEMB _aMisterio en la literatura |
| 700 | 1 |
_aJuan, Maribel de _911416 |
|
| 942 |
_2loc _cBKLIT |
||
| 264 |
_aBarcelona _bAnagrama _c2003 |
||
| 336 |
_atexto _btxt _2rdacontent |
||
| 337 |
_asin mediación _bn _2rdamedia |
||
| 338 |
_avolumen _bnc _2rdacarrier |
||
| 040 |
_aCO-BoRNBP _bspa _erda _cCO-BoRNBP |
||
| 084 | _aN AUS2 | ||
| 999 |
_c5840 _d5840 |
||